<?xml version="1.0" encoding="UTF-8"?>
<record
    xmlns:xsi="http://www.w3.org/2001/XMLSchema-instance"
    xsi:schemaLocation="http://www.loc.gov/MARC21/slim http://www.loc.gov/standards/marcxml/schema/MARC21slim.xsd"
    xmlns="http://www.loc.gov/MARC21/slim">

  <leader>00854nam a2200289 i 4500</leader>
  <controlfield tag="005">20221129143746.0</controlfield>
  <controlfield tag="008">221004c20229999my mr     ||| 00| a0may d</controlfield>
  <datafield tag="020" ind1=" " ind2=" ">
    <subfield code="a">9772231924004</subfield>
    <subfield code="c">paperback</subfield>
    <subfield code="q">RM6.00 </subfield>
  </datafield>
  <datafield tag="022" ind1=" " ind2=" ">
    <subfield code="a">2231-9247</subfield>
  </datafield>
  <datafield tag="040" ind1=" " ind2=" ">
    <subfield code="a">PPAK</subfield>
    <subfield code="b">eng</subfield>
    <subfield code="c">PPAK</subfield>
    <subfield code="e">rda</subfield>
  </datafield>
  <datafield tag="041" ind1=" " ind2=" ">
    <subfield code="a">may</subfield>
  </datafield>
  <datafield tag="082" ind1="0" ind2="4">
    <subfield code="2">23</subfield>
    <subfield code="a">649.1</subfield>
  </datafield>
  <datafield tag="090" ind1="0" ind2="0">
    <subfield code="a">649.1</subfield>
    <subfield code="b">BAB</subfield>
    <subfield code="d">G</subfield>
  </datafield>
  <datafield tag="245" ind1="0" ind2="0">
    <subfield code="a">BabyTalk</subfield>
  </datafield>
  <datafield tag="264" ind1=" " ind2="1">
    <subfield code="a">Kuala Lumpur :</subfield>
    <subfield code="b">AcePremier.com Sdn Bhd ,</subfield>
    <subfield code="c">[2022]</subfield>
  </datafield>
  <datafield tag="300" ind1=" " ind2=" ">
    <subfield code="a">volume :</subfield>
    <subfield code="b">colour photograph ;</subfield>
    <subfield code="c">30 cm.</subfield>
  </datafield>
  <datafield tag="310" ind1=" " ind2=" ">
    <subfield code="a">Monthly</subfield>
  </datafield>
  <datafield tag="336" ind1=" " ind2=" ">
    <subfield code="2">rdacontent</subfield>
    <subfield code="a">text</subfield>
    <subfield code="a">still images</subfield>
  </datafield>
  <datafield tag="337" ind1=" " ind2=" ">
    <subfield code="2">rdamedia</subfield>
    <subfield code="a">unmediated</subfield>
  </datafield>
  <datafield tag="338" ind1=" " ind2=" ">
    <subfield code="2">rdacarrier</subfield>
    <subfield code="a">volume</subfield>
  </datafield>
  <datafield tag="500" ind1=" " ind2=" ">
    <subfield code="a">BabyTalk SEPTEMBER 2022 </subfield>
  </datafield>
  <datafield tag="650" ind1="2" ind2="0">
    <subfield code="a">Child rearing </subfield>
    <subfield code="v">Periodicals</subfield>
  </datafield>
  <datafield tag="650" ind1="1" ind2="0">
    <subfield code="a">Parenting </subfield>
    <subfield code="v">Periodicals</subfield>
  </datafield>
  <datafield tag="650" ind1="2" ind2="0">
    <subfield code="a">Parenting and child </subfield>
    <subfield code="v">Periodicals</subfield>
  </datafield>
  <datafield tag="850" ind1=" " ind2=" ">
    <subfield code="a">PPAK</subfield>
    <subfield code="8">(SEPTEMBER 2022)-</subfield>
  </datafield>
  <datafield tag="942" ind1=" " ind2=" ">
    <subfield code="2">ddc</subfield>
    <subfield code="c">SR</subfield>
  </datafield>
  <datafield tag="999" ind1=" " ind2=" ">
    <subfield code="c">189317</subfield>
    <subfield code="d">189317</subfield>
  </datafield>
  <datafield tag="952" ind1=" " ind2=" ">
    <subfield code="0">0</subfield>
    <subfield code="1">0</subfield>
    <subfield code="2">ddc</subfield>
    <subfield code="4">0</subfield>
    <subfield code="7">1</subfield>
    <subfield code="a">PPAK</subfield>
    <subfield code="b">PPAK</subfield>
    <subfield code="c">R</subfield>
    <subfield code="d">2025-03-24</subfield>
    <subfield code="e">FAR</subfield>
    <subfield code="g">6.00</subfield>
    <subfield code="h">March 2025</subfield>
    <subfield code="l">0</subfield>
    <subfield code="o">R 649.1 BAB</subfield>
    <subfield code="p">A00631230</subfield>
    <subfield code="r">2025-03-24 08:56:46</subfield>
    <subfield code="v">6.00</subfield>
    <subfield code="w">2025-03-24</subfield>
    <subfield code="y">SR</subfield>
  </datafield>
  <datafield tag="952" ind1=" " ind2=" ">
    <subfield code="0">0</subfield>
    <subfield code="1">0</subfield>
    <subfield code="2">ddc</subfield>
    <subfield code="4">0</subfield>
    <subfield code="7">1</subfield>
    <subfield code="a">PPAK</subfield>
    <subfield code="b">PPAK</subfield>
    <subfield code="c">R</subfield>
    <subfield code="d">2025-11-05</subfield>
    <subfield code="e">FAR</subfield>
    <subfield code="g">6.00</subfield>
    <subfield code="h">September 2025</subfield>
    <subfield code="l">0</subfield>
    <subfield code="o">R 649.1 BAB</subfield>
    <subfield code="p">A00631836</subfield>
    <subfield code="r">2025-11-05 11:19:00</subfield>
    <subfield code="v">6.00</subfield>
    <subfield code="w">2025-11-05</subfield>
    <subfield code="y">SR</subfield>
  </datafield>
  <datafield tag="952" ind1=" " ind2=" ">
    <subfield code="0">0</subfield>
    <subfield code="1">0</subfield>
    <subfield code="2">ddc</subfield>
    <subfield code="4">0</subfield>
    <subfield code="7">0</subfield>
    <subfield code="a">PPAK</subfield>
    <subfield code="b">PPAK</subfield>
    <subfield code="c">G</subfield>
    <subfield code="d">2025-11-05</subfield>
    <subfield code="e">FAR</subfield>
    <subfield code="g">6.00</subfield>
    <subfield code="h">September 2025</subfield>
    <subfield code="l">0</subfield>
    <subfield code="o">649.1 BAB</subfield>
    <subfield code="p">A00631837</subfield>
    <subfield code="r">2025-11-05 11:19:43</subfield>
    <subfield code="v">6.00</subfield>
    <subfield code="w">2025-11-05</subfield>
    <subfield code="y">SR</subfield>
  </datafield>
  <datafield tag="952" ind1=" " ind2=" ">
    <subfield code="0">0</subfield>
    <subfield code="1">0</subfield>
    <subfield code="2">ddc</subfield>
    <subfield code="4">0</subfield>
    <subfield code="7">0</subfield>
    <subfield code="a">PPAK</subfield>
    <subfield code="b">PPAK</subfield>
    <subfield code="c">G</subfield>
    <subfield code="d">2025-11-05</subfield>
    <subfield code="e">FAR</subfield>
    <subfield code="g">6.00</subfield>
    <subfield code="h">September 2025</subfield>
    <subfield code="l">0</subfield>
    <subfield code="o">649.1 BAB</subfield>
    <subfield code="p">A00631838</subfield>
    <subfield code="r">2025-11-05 11:19:43</subfield>
    <subfield code="v">6.00</subfield>
    <subfield code="w">2025-11-05</subfield>
    <subfield code="y">SR</subfield>
  </datafield>
</record>
